[Event "Barcelona Sant Marti op-B 25th"]
[Site "Barcelona"]
[Date "2025.07.17"]
[Round "5"]
[White "Cister, Marcos Damian"]
[Black "Rodriguez Batuecas, Jordi"]
[Result "0-1"]
[WhiteElo "1766"]
[BlackElo "1638"]
[PlyCount "60"]
[EventDate "2025.07.13"]
[EventType "swiss"]
[EventRounds "9"]
[EventCountry "ESP"]
[SourceTitle "CB30_2025"]
[SourceDate "2025.07.23"]
[SourceVersion "1"]
[SourceVersionDate "2025.07.23"]
[SourceQuality "1"]

1. e4 e6 2. d4 d5 3. e5 c5 4. c4 dxc4 5. Bxc4 Nc6 6. Nf3 cxd4 7. 0-0 Bc5 8. Ng5 Qe7 9. Re1 h6 10. Nf3 Bd7 11. a3 0-0-0 12. b4 Bb6 13. Ra2 h5 14. Bg5 f6 15. exf6 gxf6 16. Bh4 Nh6 17. Rae2 e5 18. Nxe5 Qd6 19. Nxd7 Rxd7 20. Be6 Bc7 21. Bxd7+ Kxd7 22. Bg3 Ne5 23. Re4 Bb6 24. Qxh5 Nhf7 25. Qf5+ Kc7 26. Bxe5 Nxe5 27. Nd2 d3 28. Nc4 Nf3+ 29. Kf1 Nxh2+ 30. Kg1 Nf3+ 0-1

[Event "Barcelona Sant Marti op-B 24th"]
[Site "Barcelona"]
[Date "2024.07.14"]
[Round "2"]
[White "Hashemi, Seyed Kian"]
[Black "Rodriguez Batuecas, Jordi"]
[Result "0-1"]
[WhiteElo "1700"]
[BlackElo "1690"]
[PlyCount "102"]
[EventDate "2024.07.13"]
[EventType "swiss"]
[EventRounds "9"]
[EventCountry "ESP"]
[SourceTitle "EXT 2025"]
[Source "ChessBase"]
[SourceDate "2024.10.14"]
[SourceVersion "1"]
[SourceVersionDate "2024.10.14"]
[SourceQuality "1"]

1. d4 Nf6 2. Nf3 e6 3. c3 d5 4. Bg5 Nbd7 5. Ne5 Be7 6. Nxd7 Bxd7 7. e3 0-0 8. Be2 b6 9. Bxf6 Bxf6 10. Nd2 Be7 11. Nf3 f5 12. Ne5 f4 13. 0-0 Bg5 14. exf4 Bxf4 15. Nxd7 Qxd7 16. Bg4 Rae8 17. Re1 Rf6 18. g3 Bd6 19. Re2 c5 20. Qd2 cxd4 21. cxd4 Qb5 22. a3 e5 23. Rae1 e4 24. Qc3 Ref8 25. Qe3 Rg6 26. Bh5 Rgf6 27. Bg4 Qe8 28. f3 Qg6 29. Rf2 h5 30. Bh3 Rxf3 31. Rxf3 Rxf3 32. Qe2 h4 33. Bg2 Rd3 34. Bxe4 dxe4 35. Qxe4 Qxe4 36. Rxe4 hxg3 37. hxg3 Rxg3+ 38. Kf2 Kf7 39. d5 Rd3 40. Ra4 a5 41. Rc4 Rxd5 42. b4 axb4 43. axb4 b5 44. Re4 Rd2+ 45. Ke3 Rb2 46. Rd4 Bxb4 47. Rf4+ Kg8 48. Ke4 Bf8 49. Kd5 Rc2 50. Re4 b4 51. Re1 b3 0-1

[Event "Barcelona Sant Marti op-B 24th"]
[Site "Barcelona"]
[Date "2024.07.13"]
[Round "1"]
[White "Rodriguez Batuecas, Jordi"]
[Black "Lanau Garcia, Francesc"]
[Result "0-1"]
[WhiteElo "1690"]
[BlackElo "1880"]
[PlyCount "68"]
[EventDate "2024.07.13"]
[EventType "swiss"]
[EventRounds "9"]
[EventCountry "ESP"]
[SourceTitle "EXT 2025"]
[Source "ChessBase"]
[SourceDate "2024.10.14"]
[SourceVersion "1"]
[SourceVersionDate "2024.10.14"]
[SourceQuality "1"]

1. c4 c6 2. Nc3 Nf6 3. g3 g6 4. Bg2 Bg7 5. Nf3 0-0 6. 0-0 d5 7. cxd5 cxd5 8. e3 Nc6 9. a3 Bf5 10. d4 Rc8 11. Qe2 Na5 12. Nh4 Bg4 13. f3 Bd7 14. e4 Nb3 15. Rb1 Nxc1 16. Rbxc1 Qb6 17. Rfd1 e5 18. Kh1 exd4 19. Nxd5 Nxd5 20. exd5 Rce8 21. Qc2 Rc8 22. Qd2 Ba4 23. Rxc8 Rxc8 24. Rc1 Rxc1+ 25. Qxc1 d3 26. f4 Bxb2 27. Qd2 Bc2 28. f5 Bxa3 29. h3 Bc5 30. Bf1 Qb4 31. Nf3 Qxd2 32. Nxd2 Bb4 33. Ne4 d2 34. Be2 Bxe4+ 0-1

[Event "Barcelona Sant Marti op-B 23rd"]
[Site "Barcelona"]
[Date "2023.07.18"]
[Round "6"]
[White "Rodriguez Batuecas, Jordi"]
[Black "Tardio Fran, Emilio"]
[Result "0-1"]
[WhiteElo "1487"]
[BlackElo "1697"]
[PlyCount "152"]
[EventDate "2023.07.13"]
[EventType "swiss"]
[EventRounds "9"]
[EventCountry "ESP"]
[SourceTitle "CBM 215 Extra"]
[Source "ChessBase"]
[SourceDate "2023.09.30"]
[SourceVersion "1"]
[SourceVersionDate "2023.09.30"]
[SourceQuality "1"]

1. d4 Nf6 2. Nf3 c5 3. c3 b6 4. e3 Bb7 5. Nbd2 g6 6. Bd3 Bg7 7. 0-0 0-0 8. Re1 d5 9. dxc5 bxc5 10. Qe2 Nbd7 11. e4 e6 12. exd5 Nxd5 13. Ne4 Qb6 14. Rb1 Rac8 15. c4 Nb4 16. a3 Nc6 17. Nd6 Nd4 18. Nxd4 Qxd6 19. Nf3 Rfd8 20. Be4 Bxe4 21. Qxe4 Nb6 22. Bf4 Qd3 23. b3 Qxe4 24. Rxe4 Rd3 25. Re3 Rcd8 26. Rxd3 Rxd3 27. Kf1 f6 28. Bb8 Rd7 29. Ke2 Rb7 30. Bd6 Bf8 31. Rd1 Nd7 32. Bxf8 Kxf8 33. Rb1 a5 34. Kd3 Ke7 35. Kc3 Nb6 36. Nd2 Nd7 37. b4 axb4+ 38. axb4 cxb4+ 39. Rxb4 Rc7 40. f4 Nc5 41. Rb5 e5 42. fxe5 fxe5 43. Nf3 Kf6 44. g4 h5 45. gxh5 gxh5 46. Ne1 Kf5 47. Kb4 Nd7 48. Nd3 Ke4 49. Nc5+ Nxc5 50. Rxc5 Rxc5 51. Kxc5 Kf3 52. Kd5 e4 53. c5 e3 54. c6 e2 55. c7 e1Q 56. c8Q Qe4+ 57. Kd6 Qd4+ 58. Ke7 Qg7+ 59. Kd6 Qd4+ 60. Ke7 Qh4+ 61. Kd6 Qxh2+ 62. Ke7 Qe5+ 63. Kf7 h4 64. Qh3+ Qg3 65. Qf1+ Kg4 66. Kg6 Qd6+ 67. Kh7 Qe7+ 68. Kg6 Qe4+ 69. Kg7 h3 70. Qg1+ Kh4 71. Qf2+ Kg4 72. Qg1+ Qg2 73. Qd4+ Kg3 74. Qe5+ Kf2+ 75. Kf6 Kg1 76. Qe1+ Qf1+ 0-1

[Event "Barcelona Sant Marti op-B 22nd"]
[Site "Barcelona"]
[Date "2022.07.21"]
[Round "9"]
[White "Domenche Redondo, Francesco"]
[Black "Rodriguez Batuecas, Jordi"]
[Result "1/2-1/2"]
[WhiteElo "1662"]
[BlackElo "1481"]
[PlyCount "43"]
[EventDate "2022.07.13"]
[EventType "swiss"]
[EventRounds "9"]
[EventCountry "ESP"]
[SourceTitle "CBM 210 Extra"]
[Source "ChessBase"]
[SourceDate "2022.11.30"]
[SourceVersion "1"]
[SourceVersionDate "2022.11.30"]
[SourceQuality "1"]

1. d4 d5 2. Nf3 Nf6 3. Bf4 Bf5 4. e3 e6 5. c3 Be7 6. Be2 Nbd7 7. Nbd2 c6 8. 0-0 0-0 9. Qb3 Qb6 10. Qxb6 axb6 11. Ne5 Rfe8 12. Rfe1 c5 13. Nxd7 Nxd7 14. a3 c4 15. Nf3 Nf6 16. Nh4 Rad8 17. Nxf5 exf5 18. Bf3 Ne4 19. Bxe4 fxe4 20. Rad1 Bd6 21. Bxd6 Rxd6 22. Kf1 1/2-1/2

[Event "Barcelona Sant Marti op-B 22nd"]
[Site "Barcelona"]
[Date "2022.07.20"]
[Round "8"]
[White "Lambert Pont, James"]
[Black "Rodriguez Batuecas, Jordi"]
[Result "1-0"]
[WhiteElo "1679"]
[BlackElo "1481"]
[PlyCount "137"]
[EventDate "2022.07.13"]
[EventType "swiss"]
[EventRounds "9"]
[EventCountry "ESP"]
[SourceTitle "CBM 210 Extra"]
[Source "ChessBase"]
[SourceDate "2022.11.30"]
[SourceVersion "1"]
[SourceVersionDate "2022.11.30"]
[SourceQuality "1"]

1. d4 Nf6 2. Bf4 d5 3. e3 e6 4. Nf3 Bd6 5. Bg3 0-0 6. c3 b6 7. Nbd2 Ba6 8. Bxa6 Nxa6 9. Qe2 Nb8 10. e4 dxe4 11. Nxe4 Be7 12. Ne5 Nxe4 13. Qxe4 Qd5 14. Qxd5 exd5 15. Kd2 Bd6 16. Rhe1 f6 17. Nd3 Bxg3 18. hxg3 Kf7 19. Nf4 Rd8 20. Re2 c5 21. Ne6 Rd7 22. dxc5 d4 23. cxd4 bxc5 24. Nxc5 Rxd4+ 25. Kc3 Rd6 26. Ne4 Re6 27. Rae1 Rc6+ 28. Kb3 Nd7 29. Nc3 Rb8+ 30. Kc2 Ne5 31. f4 Nc4 32. Re7+ Kg6 33. b3 Na3+ 34. Kb2 Nc4+ 35. Kc2 Na3+ 36. Kb2 Nc4+ 37. Ka1 Nd2 38. Ne4 Nxe4 39. R1xe4 a6 40. g4 h6 41. g5 hxg5 42. fxg5 Rbb6 43. gxf6 Kxf6 44. Re1 Rc2 45. R7e2 Rxe2 46. Rxe2 g5 47. Kb2 Rc6 48. Rf2+ Ke5 49. g4 Rf6 50. Rxf6 Kxf6 51. a4 Ke5 52. b4 Kf4 53. b5 axb5 54. a5 Kxg4 55. a6 Kf3 56. a7 g4 57. a8Q+ Kf2 58. Qf8+ Kg2 59. Qe8 b4 60. Qe2+ Kh3 61. Qd1 g3 62. Qg1 g2 63. Kb3 Kg3 64. Kxb4 Kf3 65. Kc3 Kg3 66. Kd3 Kh3 67. Ke2 Kg3 68. Ke3 Kh3 69. Kf4 1-0

[Event "Foment Martinenc op-C 19st"]
[Site "Barcelona"]
[Date "2017.05.27"]
[Round "6.19"]
[White "Rodriguez Batuecas, Jordi"]
[Black "Gordillo Bretones, Jose Luis"]
[Result "1-0"]
[WhiteElo "1820"]
[BlackElo "1700"]
[PlyCount "87"]
[EventDate "2017.04.22"]
[EventType "swiss"]
[EventRounds "9"]
[EventCountry "ESP"]
[SourceTitle "EXT 2024"]
[Source "ChessBase"]
[SourceDate "2023.10.10"]
[SourceVersion "1"]
[SourceVersionDate "2023.10.10"]
[SourceQuality "1"]

1. e4 e5 2. Nf3 d6 3. d4 exd4 4. Nxd4 Nf6 5. Nc3 a6 6. Be2 b6 7. Bg5 Bb7 8. 0-0 Be7 9. Bxf6 Bxf6 10. Bd3 0-0 11. Nf3 g6 12. e5 Bxf3 13. Qxf3 Nd7 14. exf6 Qxf6 15. Qxf6 Nxf6 16. Rfe1 Rfe8 17. h3 Kg7 18. Kf1 Ng8 19. Re2 Red8 20. Nd5 Ra7 21. Nb4 Rb7 22. Rae1 c5 23. Nc6 Rdd7 24. Ne7 Nh6 25. Nc8 b5 26. Re7 Nf5 27. Rxd7 Rxd7 28. Nb6 Rb7 29. g4 Nd4 30. c3 Nc6 31. f4 b4 32. Nc8 bxc3 33. bxc3 Rb2 34. a4 Ra2 35. Nb6 Rd2 36. Re3 h6 37. Ke1 Rh2 38. Nc4 Ra2 39. Nxd6 Rxa4 40. f5 g5 41. Kf2 Ra1 42. Ne8+ Kf8 43. Nf6 a5 44. Re8+ 1-0